Statistics for Name the rapper from the songs 2

Click here to take the quiz!

General Stats

  • This quiz has been taken 82 times
  • The average score is 9 of 15

Answer Stats

SongSongSongAnswer% Correct
The next episodeNo diggityStill D.R.EDr dre
92%
In Da ClubCandy shop21 questions50 cent
90%
Black and YellowYoung,wild and freeSee you againWiz Khalifa
79%
Drop it like it’s hotYoung, wild and freeGin and JuiceSnoop Dogg
77%
California LoveHit em upDear MamaTupac
77%
Mask offLow lifeFine chinaFuture
74%
JuicyHypnotizeBig PoppaThe notorious BIG
68%
LollipopMina LisaDon’t CryLil wayne
63%
iSpyBroccoli1 nightLil Yachty
62%
Crank ThatPretty boy swagKiss me thru the phoneSoulja Boy
59%
TasteGirls have funDipTyga
56%
KamikazeNoticedYoppaLil Mosey
49%
Wake up in the skyCoca ColaI get the bagGucci Mane
38%
Going BadDangerous24/7Meek Mill
38%
Hey YaMs JacksonRosesAndre 3000
26%

Score Distribution

Percentile by Number Answered

Percent of People with Each Score

Your Score History

You have not taken this quiz